Mi punto de vista
Saved in:
| Main Author: | |
|---|---|
| Format: | Book |
| Language: | Spanish |
| Published: |
Madrid
SARPE
1985
|
| Edition: | 1a. ed |
| Series: | Los Grandes Pensadores, 70
|
| Subjects: | |
| Tags: |
Add Tag
No Tags, Be the first to tag this record!
|
MARC
| LEADER | 00000cam a2200000 a 4500 | ||
|---|---|---|---|
| 001 | UCE2311 | ||
| 003 | CL-VaPUC | ||
| 008 | 140619e19850000sp |||||||||||||||||spa|d | ||
| 020 | |a 8459906248 | ||
| 082 | 0 | 4 | |a 142.7 |b KIE |2 21 |
| 100 | |a Kierkegaard, Søren |e autor |d 1813-1855 |9 579207 | ||
| 245 | 1 | 0 | |a Mi punto de vista |
| 250 | |a 1a. ed | ||
| 300 | |a 203 p | ||
| 942 | |c BK | ||
| 945 | |d 20140619 13:53:00 |a dcastane | ||
| 260 | |a Madrid |b SARPE |c 1985 | ||
| 650 | 0 | |a Filosofía danesa |9 266957 | |
| 650 | 0 | |a Existencialismo |9 265698 | |
| 650 | 0 | |a Escuelas filosóficas |9 266232 | |
| 583 | |a last modification |c 20140619 13:53:00 |k Rodrigo Vera | ||
| 490 | 0 | |a Los Grandes Pensadores, 70 | |
| 999 | |c 355949 |d 355947 | ||
| 952 | |0 0 |1 0 |3 erd |4 0 |6 142_700000000000000_KIE_1985 |7 0 |8 X |9 462936 |a FDOBUD |b FDOBUD |i 5043018 |o 142.7 KIE 1985 |p 5043018 |r 2019-11-23 |w 2019-11-23 |y BK_X |z Catalogado en:20140619 |k BUD | ||